000 00845nam a22002537a 4500
003 OSt
005 20260601193903.0
008 260508b1984 xxua|||| |||| 00| 0 eng d
020 _a0871967839
040 _aICI
_bspa
_cICI
050 _aNK2195.O34
_bP55 1978
100 1 _aPile, John,
_eautor.
245 1 _aOpen office space /
_cJohn Pile.
300 _a95 páginas :
_bilustraciones, planos ;
500 _aEstudio sobre planificación y diseño de oficinas de planta abierta.
504 _aIncluye referencias bibliográficas e índice.
650 _aOficinas
_xDiseño y construcción.
_934194
650 _aEspacios de trabajo.
_934195
650 _aDiseño de interiores.
650 _aArquitectura de oficinas.
_934196
650 _aAmbiente de trabajo.
_934197
650 _aDistribución de oficinas.
_934198
942 _2lcc
_cB
_n1
999 _c22319
_d22319